Dinofours (activity book) : (Record no. 113381)
[ view plain ]
| 000 -LEADER | |
|---|---|
| fixed length control field | 00482nam a2200157 a 4500 |
| 001 - CONTROL NUMBER | |
| control field | 0343 |
| 005 - DATE AND TIME OF LATEST TRANSACTION | |
| control field | 20140414132016.0 |
| 008 - FIXED-LENGTH DATA ELEMENTS--GENERAL INFORMATION | |
| fixed length control field | 040910s19uu xx 00 eng d |
| 020 ## - INTERNATIONAL STANDARD BOOK NUMBER | |
| International Standard Book Number | 0-439-32034-8 |
| 050 ## - LIBRARY OF CONGRESS CALL NUMBER | |
| Classification number | TR |
| Item number | D61 2001 |
| 100 ## - MAIN ENTRY--PERSONAL NAME | |
| Personal name | Bennett, Elizabeth |
| 245 ## - TITLE STATEMENT | |
| Title | Dinofours (activity book) : |
| Remainder of title | Cubby buddies / |
| Statement of responsibility, etc | by Elizabeth Bennett ; illustratons by Hans Wilhem, Ron Fritz. |
| 260 ## - PUBLICATION, DISTRIBUTION, ETC. (IMPRINT) | |
| Place of publication, distribution, etc | New York : |
| Name of publisher, distributor, etc | Scholastic, |
| Date of publication, distribution, etc | 2001. |
| 300 ## - PHYSICAL DESCRIPTION | |
| Extent | 32 p. : ill. ; cm . |
| Withdrawn status | Lost status | Damaged status | Use restrictions | Home library | Current library | Shelving location | Date acquired | Source of acquisition | Total Checkouts | Full call number | Barcode | Date last seen | Price effective from | Koha item type |
|---|---|---|---|---|---|---|---|---|---|---|---|---|---|---|
| Munich Library | Munich Library | Teachers Reference Section | 09/10/2004 | TR D61 2001 | M4939 | 04/14/2014 | 04/14/2014 | Books |